[Event "2023 National K-12 Grade Championships"]
[Site "Orlando, Florida, United States"]
[Date "2023.12.16"]
[Round "5.26"]
[White "Li, Howard"]
[Black "Li, Aiden Linyuan"]
[Result "0-1"]
[TimeControl "G/90;d10"]
[WhiteElo "1438"]
[BlackElo "1832"]

1. e4 {[%clk 01:30:00]} {[%emt 00:00:03]} e6 {[%clk 01:30:00]} {[%emt
00:00:04]} 2. d4 {[%clk 01:30:00]} {[%emt 00:00:06]} d5 {[%clk 01:29:57]}
{[%emt 00:00:13]} 3. e5 {[%clk 01:30:00]} {[%emt 00:00:04]} c5 {[%clk
01:29:42]} {[%emt 00:00:58]} 4. c3 {[%clk 01:30:00]} {[%emt 00:00:03]} Qb6
{[%clk 01:29:37]} {[%emt 00:00:44]} 5. Nf3 {[%clk 01:29:45]} {[%emt 00:00:27]}
Nc6 {[%clk 01:29:37]} {[%emt 00:00:08]} 6. Be2 {[%clk 01:28:56]} {[%emt
00:00:59]} cxd4 {[%clk 01:28:48]} {[%emt 00:00:56]} 7. cxd4 {[%clk 01:28:33]}
{[%emt 00:00:35]} Nh6 {[%clk 01:28:47]} {[%emt 00:00:11]} 8. b3 {[%clk
01:27:03]} {[%emt 00:01:41]} Nf5 {[%clk 01:28:40]} {[%emt 00:00:10]} 9. Bb2
{[%clk 01:26:46]} {[%emt 00:00:33]} Bb4+ {[%clk 01:28:39]} {[%emt 00:00:11]} 10.
Nc3 {[%clk 01:20:48]} {[%emt 00:06:08]} Nfxd4 {[%clk 01:27:58]} {[%emt
00:00:50]} 11. O-O {[%clk 01:17:18]} {[%emt 00:03:41]} Nxe2+ {[%clk 01:26:58]}
{[%emt 00:01:11]} 12. Nxe2 {[%clk 01:16:28]} {[%emt 00:00:58]} O-O {[%clk
01:26:32]} {[%emt 00:00:36]} 13. Ned4 {[%clk 01:15:46]} {[%emt 00:00:53]} Bd7
{[%clk 01:22:57]} {[%emt 00:03:45]} 14. Rc1 {[%clk 01:12:15]} {[%emt 00:03:41]}
Rac8 {[%clk 01:21:39]} {[%emt 00:01:28]} 15. Nxc6 {[%emt 00:01:09]} bxc6 {[%clk
01:20:59]} {[%emt 00:00:11]} 16. a3 {[%clk 01:09:46]} {[%emt 00:02:20]} Be7
{[%clk 01:20:29]} {[%emt 00:00:37]} 17. Rc2 {[%clk 01:08:28]} {[%emt 00:01:30]}
Qxb3 {[%clk 01:19:51]} {[%emt 00:00:47]} 18. Nd4 {[%clk 01:07:47]} {[%emt
00:00:52]} Qb6 {[%clk 01:19:41]} {[%emt 00:00:19]} 19. Qg4 {[%clk 01:06:29]}
{[%emt 00:01:29]} c5 {[%clk 01:19:17]} {[%emt 00:00:33]} 20. Nf3 {[%clk
01:05:39]} {[%emt 00:01:01]} Qb3 {[%clk 01:16:40]} {[%emt 00:02:47]} 21. Rfc1
{[%clk 01:03:01]} {[%emt 00:02:48]} c4 {[%clk 01:15:24]} {[%emt 00:01:26]} 22.
Nd4 {[%clk 00:58:28]} {[%emt 00:04:43]} Qd3 {[%clk 01:15:03]} {[%emt 00:00:31]}
23. Qf3 {[%clk 00:44:53]} {[%emt 00:13:45]} Qxf3 {[%clk 01:15:03]} {[%emt
00:00:09]} 24. Nxf3 {[%clk 00:44:53]} {[%emt 00:00:06]} Ba4 {[%clk 01:15:03]}
{[%emt 00:00:11]} 25. Re2 {[%clk 00:42:15]} {[%emt 00:02:49]} Rb8 {[%clk
01:14:33]} {[%emt 00:00:41]} 26. Rc3 {[%clk 00:39:27]} {[%emt 00:02:57]} Rb6
{[%clk 01:12:36]} {[%emt 00:02:07]} 27. Rd2 {[%clk 00:36:18]} {[%emt 00:03:19]}
Rfb8 {[%clk 01:11:50]} {[%emt 00:00:55]} 28. Bc1 {[%clk 00:35:42]} {[%emt
00:00:47]} Rb1 {[%clk 01:11:50]} {[%emt 00:00:07]} 29. Re2 {[%clk 00:35:11]}
{[%emt 00:00:41]} R8b3 {[%clk 01:11:48]} {[%emt 00:00:12]} 30. Ree3 {[%clk
00:33:19]} {[%emt 00:02:02]} Bc5 {[%clk 01:11:39]} {[%emt 00:00:19]} 31. Nd2
{[%clk 00:31:37]} {[%emt 00:01:52]} Bxe3 {[%clk 01:10:47]} {[%emt 00:01:01]} 32.
Nxb3 {[%clk 00:28:32]} {[%emt 00:03:16]} Bf4 {[%clk 01:10:17]} {[%emt
00:00:39]} 33. g3 {[%clk 00:27:28]} {[%emt 00:01:15]} Bxe5 {[%clk 01:10:12]}
{[%emt 00:00:15]} 34. Nd2 {[%clk 00:26:33]} {[%emt 00:01:06]} Ra1 {[%clk
01:10:11]} {[%emt 00:00:10]} 35. Re3 {[%clk 00:22:51]} {[%emt 00:03:52]} Rxc1+
{[%clk 01:10:11]} {[%emt 00:00:07]} 36. Kg2 {[%clk 00:22:51]} {[%emt 00:00:05]}
Bd6 {[%clk 01:10:11]} {[%emt 00:00:09]} 37. Nf3 {[%clk 00:22:08]} {[%emt
00:00:52]} Bc5 {[%clk 01:08:46]} {[%emt 00:01:35]} 38. Re2 {[%clk 00:21:46]}
{[%emt 00:00:33]} Rc2 {[%clk 01:08:44]} {[%emt 00:00:11]} 39. Rxc2 {[%clk
00:21:42]} {[%emt 00:00:16]} Bxc2 {[%clk 01:08:26]} {[%emt 00:00:26]} 40. Ne5
{[%clk 00:21:37]} {[%emt 00:00:16]} Bxa3 {[%clk 01:08:11]} {[%emt 00:00:24]} 41.
Kf3 {[%clk 00:21:28]} {[%emt 00:00:20]} f6 {[%clk 01:07:47]} {[%emt 00:00:33]}
42. Nc6 {[%clk 00:20:52]} {[%emt 00:00:46]} Ba4 {[%clk 01:07:05]} {[%emt
00:00:50]} 43. Nd4 {[%clk 00:20:18]} {[%emt 00:00:46]} e5 {[%clk 01:07:05]}
{[%emt 00:00:07]} 44. Ne2 {[%clk 00:19:45]} {[%emt 00:00:44]} Bd1 {[%clk
01:06:49]} {[%emt 00:00:25]} 45. Ke3 {[%clk 00:19:45]} {[%emt 00:00:11]} Bc5+
{[%clk 01:06:49]} {[%emt 00:00:08]} 46. Kd2 {[%clk 00:19:44]} {[%emt 00:00:10]}
Bxe2 {[%clk 01:06:49]} {[%emt 00:00:05]} 47. Kxe2 {[%clk 00:19:44]} {[%emt
00:00:06]} a5 {[%clk 01:06:49]} {[%emt 00:00:05]} 48. f4 {[%clk 00:19:41]}
{[%emt 00:00:14]} e4 {[%clk 01:06:48]} {[%emt 00:00:11]} 49. g4 {[%clk
00:19:41]} {[%emt 00:00:03]} a4 {[%clk 01:06:48]} {[%emt 00:00:06]} 50. Kd2
{[%clk 00:19:41]} {[%emt 00:00:08]} a3 {[%clk 01:06:45]} {[%emt 00:00:13]} 51.
Kc3 {[%clk 00:19:41]} {[%emt 00:00:03]} e3 {[%clk 01:06:43]} {[%emt 00:00:12]}
52. f5 {[%clk 00:19:41]} {[%emt 00:00:04]} Kf7 {[%clk 01:06:43]} {[%emt
00:00:06]} 53. g5 {[%clk 00:19:41]} {[%emt 00:00:04]} Kg8 {[%clk 01:06:43]}
{[%emt 00:00:07]} 54. gxf6 {[%clk 00:19:41]} {[%emt 00:00:04]} Kf7 {[%clk
01:06:41]} {[%emt 00:00:12]} 55. fxg7 {[%clk 00:19:40]} {[%emt 00:00:11]} Kxg7
{[%clk 01:06:41]} {[%emt 00:00:10]} 56. h4 {[%clk 00:19:40]} {[%emt 00:00:03]}
Kf6 {[%clk 01:06:41]} {[%emt 00:00:08]} 57. h5 {[%clk 00:19:40]} {[%emt
00:00:04]} h6 {[%clk 01:06:41]} {[%emt 00:00:09]} 58. Kc2 {[%clk 00:19:40]}
{[%emt 00:00:09]} d4 {[%clk 01:06:41]} {[%emt 00:00:07]} 59. Kc1 {[%clk
00:19:40]} {[%emt 00:00:09]} d3 {[%clk 01:06:40]} {[%emt 00:00:11]} 60. Kb1
{[%clk 00:19:40]} {[%emt 00:00:10]} e2 {[%clk 01:06:40]} {[%emt 00:00:08]} 61.
Ka2 {[%clk 00:19:40]} {[%emt 00:00:05]} Kxf5 {[%clk 01:06:06]} {[%emt
00:00:43]} 62. Ka1 {[%clk 00:19:34]} {[%emt 00:00:17]} e1=Q+ {[%clk 01:05:56]}
{[%emt 00:00:19]} 63. Ka2 {[%clk 00:19:34]} {[%emt 00:00:05]} Qd2+ {[%clk
01:05:55]} {[%emt 00:00:12]} 64. Kb1 {[%clk 00:19:25]} {[%emt 00:00:20]} Qb2#
{[%emt 00:00:04]} 0-1

[Event "2023 National K-12 Grade Championships"]
[Site "Orlando, Florida, United States"]
[Date "2023.12.16"]
[Round "5.27"]
[White "Katta, Sriansh"]
[Black "Xin, Stella"]
[Result "1-0"]
[TimeControl "G/90;d10"]
[WhiteElo "1789"]
[BlackElo "1423"]

1. e4 {[%emt 00:34:08]} c5 {[%emt 00:00:25]} 2. Nc3 Nc6 3. f4 {[%emt 00:00:04]}
e6 {[%emt 00:00:38]} 4. Nf3 d5 {[%emt 00:01:44]} 5. d3 {[%emt 00:00:43]} b5
{[%emt 00:00:42]} 6. exd5 {[%emt 00:13:37]} exd5 7. Qe2+ Be7 {[%emt 00:00:57]}
8. g3 {[%emt 00:00:32]} Bg4 {[%emt 00:01:07]} 9. Bg2 {[%emt 00:04:09]} b4
{[%emt 00:01:03]} 10. Nd1 {[%emt 00:01:06]} Nd4 {[%emt 00:00:42]} 11. Qf2
{[%emt 00:00:03]} Nxf3+ {[%emt 00:01:17]} 12. Bxf3 {[%emt 00:00:05]} Bxf3
{[%emt 00:00:52]} 13. Qxf3 {[%emt 00:00:09]} Nf6 {[%emt 00:00:19]} 14. O-O
{[%emt 00:01:17]} O-O 15. Ne3 {[%emt 00:01:20]} Rc8 {[%emt 00:01:18]} 16. b3
{[%emt 00:00:22]} d4 {[%emt 00:01:55]} 17. Nf5 {[%emt 00:02:37]} Re8 {[%emt
00:00:41]} 18. Re1 {[%emt 00:02:23]} Qd7 {[%emt 00:00:57]} 19. Nxe7+ {[%emt
00:01:28]} Rxe7 {[%emt 00:00:10]} 20. Bd2 {[%emt 00:01:05]} Rce8 {[%emt
00:00:14]} 21. Kf2 {[%emt 00:03:28]} Ng4+ {[%emt 00:00:59]} 22. Kg1 {[%emt
00:01:37]} Rxe1+ {[%emt 00:02:03]} 23. Rxe1 Rxe1+ 24. Bxe1 {[%emt 00:00:04]} h6
{[%emt 00:02:11]} 25. Bd2 {[%emt 00:00:47]} Qe6 {[%emt 00:01:37]} 26. f5 {[%emt
00:00:30]} Qa6 {[%emt 00:01:26]} 27. Qxg4 {[%emt 00:01:58]} Kh8 {[%emt
00:02:08]} 28. Qf3 {[%emt 00:03:52]} Qxa2 {[%emt 00:00:11]} 29. Qd1 {[%emt
00:01:57]} a5 {[%emt 00:00:58]} 30. f6 {[%emt 00:01:12]} gxf6 {[%emt 00:01:31]}
31. Bxh6 {[%emt 00:00:24]} a4 {[%emt 00:00:54]} 32. bxa4 {[%emt 00:00:03]} Qxa4
{[%emt 00:00:03]} 33. Qg4 {[%emt 00:00:41]} Qa1+ {[%emt 00:00:41]} 34. Kf2 Qe1+
{[%emt 00:01:37]} 35. Kxe1 f5 36. Qg7# 1-0